[Event "Juniorallsvenskan Div I"]
[Site "Limhamn"]
[Date "2013.11.30"]
[Round "3"]
[White "Lindgren, Philip"]
[Black "Lokander, Martin"]
[Result "1-0"]
[WhiteElo "2393"]
[BlackElo "2249"]

1.Nf3 g6 2.d4 Bg7 3.e4 d6 4.Bd3 c5 5.c3 Nf6 6.h3 O-O 7.O-O Nbd7 8.Re1 e5 
9.dxe5 Nxe5 10.Nxe5 dxe5 11.Qc2 Ne8 12.a4 Be6 13.Na3 Nd6 14.b3 Qe7 15.Nb5 
a6 16.Nxd6 Qxd6 17.Rd1 Qc6 18.Bc4 Bxc4 19.bxc4 a5 20.Rd5 Rfd8 21.Be3 b6 
22.Rad1 Bf6 23.Rb1 Rxd5 24.cxd5 Qd6 25.Qb3 Bd8 26.Qb5 Bc7 27.Qd3 Kg7 28.c4
Ra7 29.Bd2 Ra8 30.Rf1 Qd7 31.Qc2 f6 32.Bc3 Re8 33.Rd1 Qd6 34.Qb2 Ra8 35.
Re1 Kf7 36.Qd2 Re8 37.Qh6 Kg8 38.Qh4 Kg7 39.Qg4 Re7 40.h4 Qd7 41.Qd1 h5 
42.Re3 Bd6 43.Rg3 Kh7 44.Bb2 Rf7 45.Qb3 Bc7 46.Bc1 Qd6 47.Qd3 Qf8 48.Qd1 
Bd6 49.Rb3 Rb7 50.Bd2 Rb8 51.g4 hxg4 52.Qxg4 f5 53.Qg5 Be7 54.Qg2 fxe4 55.
h5 Qf5 56.hxg6+ Kg8 57.Rh3 Bf6 58.Qh2 Rb7 59.Rg3 Rg7 60.Qh6 e3 61.Bxe3 
Qb1+ 62.Kh2 Qe4 63.Qh3 Rxg6 1-0

[Event "Juniorallsvenskan Div I"]
[Site "Limhamn"]
[Date "2013.11.30"]
[Round "3"]
[White "Bit-Narva, David"]
[Black "Astrom, Lars"]
[Result "1-0"]
[WhiteElo "2045"]
[BlackElo "2092"]

1.d4 d5 2.Nc3 Nf6 3.Bg5 Nbd7 4.f3 c6 5.e4 dxe4 6.fxe4 Qa5 7.Qd2 e5 8.Nf3 
exd4 9.Nxd4 Bb4 10.Bd3 O-O 11.O-O Re8 12.Rae1 Bc5 13.Bc4 Qb4 14.b3 b5 15.
a3 Qxa3 16.e5 Rxe5 17.Rxe5 Nxe5 18.Bxf6 gxf6 19.Ne4 bxc4 20.Nxf6+ Kh8 21.
c3 Bf8 22.Qg5 Bg7 23.Qxe5 Be6 24.Nf5 Bxf5 25.Qxf5 Bxf6 26.Qxf6+ Kg8 27.
Qxf7+ Kh8 28.Qf6+ Kg8 29.Qxc6 Rf8 30.Qxc4+ Kh8 31.Rxf8+ Qxf8 32.Qd4+ Kg8 
33.Qxa7 Qf4 34.Qa8+ Kg7 35.Qb7+ Kg8 36.Qc8+ Kg7 37.Qc4 Qc1+ 38.Kf2 Qd2+ 
39.Kf3 Qd1+ 40.Kg3 Qe1+ 41.Kh3 Qe3+ 42.g3 Qh6+ 43.Qh4 Qc1 44.Qg4+ Kh8 45.
Qd4+ Kg8 46.Kg4 Qc2 47.Qd5+ Kg7 48.Qg5+ Kh8 49.Qe5+ Kg8 50.b4 Qxh2 51.b5 
h5+ 52.Kg5 h4 53.Qe6+ Kg7 54.Qf6+ Kh7 55.Qh6+ Kg8 56.Qxh4 Qd2+ 57.Kg6 Qd3+
58.Kh6 Qxc3 59.Qg5+ Kf7 60.Qg6+ Kf8 61.Qd6+ Kf7 62.Qg6+ Kf8 63.b6 Qe3+ 64.
Kh7 Qe7+ 65.Kh6 Qe3+ 66.Kh5 Qe5+ 67.Qg5 Qe2+ 68.g4 Kf7 69.Qf4+ Ke8 70.Qc7 
Qb5+ 71.Kg6 Qd3+ 72.Kh6 Qe3+ 73.g5 Qh3+ 74.Kg7 Qe3 75.Qc6+ Ke7 76.Qf6+ Ke8
77.b7 Qb3 78.b8=Q+ Qxb8 79.Qf8+ 1-0

[Event "Juniorallsvenskan Div I"]
[Site "Limhamn"]
[Date "2013.11.30"]
[Round "3"]
[White "Ollen, Martin"]
[Black "Berglind, Axel"]
[Result "1-0"]
[WhiteElo "2084"]
[BlackElo "1988"]

1.b3 e5 2.Bb2 d6 3.e3 Be6 4.Nc3 Nd7 5.Be2 f5 6.Nf3 d5 7.d4 e4 8.Ne5 Nxe5 
9.dxe5 Bc5 10.Nb5 Qe7 11.Nd4 Nh6 12.Bb5+ c6 13.Nxc6 bxc6 14.Bxc6+ Kf7 15.
Qh5+ g6 16.Qxh6 Rac8 17.Bb5 Bb4+ 18.c3 Qb7 19.Be2 Rxc3 20.O-O Rc2 21.Bh5 
Qb8 22.Bd4 Qc8 23.Bd1 Rc6 24.a3 Bf8 25.Qf4 h5 26.f3 Qc7 27.fxe4 dxe4 28.
Qxe4 Bh6 29.Qh4 Qd8 30.Qxd8 Rxd8 31.b4 Rdc8 32.Bxa7 Rc3 33.e4 Ra8 34.exf5 
Bxf5 35.Bd4 Raxa3 36.Bxc3 Rxc3 37.Bxh5 Ke6 38.Bxg6 1-0

[Event "Juniorallsvenskan Div I"]
[Site "Limhamn"]
[Date "2013.12.01"]
[Round "4"]
[White "Berggren Torell, Harald"]
[Black "Tuomainen, Felix"]
[Result "1/2-1/2"]
[WhiteElo "2217"]
[BlackElo "1805"]

1.e4 c6 2.d4 d5 3.e5 Bf5 4.Nf3 e6 5.Be2 Nd7 6.O-O Ne7 7.Nbd2 c5 8.dxc5 Nc6
9.Bb5 Bg4 10.h3 Bxf3 11.Nxf3 Bxc5 12.c4 dxc4 13.Bxc6 bxc6 14.Qa4 Qb6 15.
Qxc4 O-O 16.b3 Qb5 17.Qc2 a5 18.Ng5 g6 19.Bb2 Be7 20.Ne4 Nxe5 21.Qc3 f6 
22.Rad1 Rad8 23.a4 Qb6 24.Ng5 Rxd1 25.Rxd1 Bb4 26.Qg3 Rd8 27.Rf1 Rd3 28.
Qf4 Be7 29.Nxe6 Qxb3 30.Bxe5 Qxe6 31.Bc7 Bb4 32.Rc1 Kg7 33.Bb8 c5 34.Ba7 
Rd5 35.Qg4 Qe7 36.Bb8 Qe8 37.Qf3 Qd7 38.Bg3 Rd3 39.Qe4 Rd4 40.Qe2 Rd2 41.
Qf3 Qxa4 42.Bf4 Rd7 43.g4 h6 44.h4 Qb5 45.g5 fxg5 46.Be5+ Kg8 47.Qa8+ Kf7 
48.Qf3+ Kg8 49.Qf6 Qd3 50.Qh8+ Kf7 51.Qf6+ Kg8 52.Qh8+ Kf7 53.Qf6+ Kg8 54.
Qh8+ 1/2-1/2

[Event "Juniorallsvenskan Div I"]
[Site "Limhamn"]
[Date "2013.12.01"]
[Round "4"]
[White "Klingberg, Ludwig"]
[Black "Bengtsson, Jessica"]
[Result "0-1"]
[WhiteElo "1693"]
[BlackElo "2123"]

1.d4 d5 2.c4 e6 3.Nc3 Be7 4.Nf3 Nf6 5.Bf4 O-O 6.e3 c5 7.Nb5 Na6 8.Bd3 cxd4
9.Nfxd4 Bb4+ 10.Nc3 Re8 11.Nc2 e5 12.Bg5 d4 13.Nxb4 Nxb4 14.Ne2 dxe3 15.
Bc2 exf2+ 16.Kf1 Qb6 17.Nc3 Bg4 18.Qc1 Be6 19.b3 Nxc2 20.Qxc2 Ng4 21.Nd1 
f6 22.Bh4 Qd4 23.Rc1 Rad8 24.h3 Nh2+ 25.Rxh2 Qxh4 26.Qxf2 Qg5 27.Ne3 Rd4 
28.g3 Red8 29.h4 Qg6 30.Rc2 Qe4 31.Qe1 Qf3+ 32.Qf2 Rd1+ 33.Nxd1 Rxd1# 0-1

[Event "Juniorallsvenskan Div I"]
[Site "Limhamn"]
[Date "2013.12.01"]
[Round "4"]
[White "Subramanian, Aditya"]
[Black "Yazdankhah, Sam"]
[Result "1-0"]
[WhiteElo "1814"]
[BlackElo "1585"]

1.d4 Nf6 2.c4 g6 3.Nc3 Bg7 4.e4 d6 5.Nf3 O-O 6.Be2 Nc6 7.O-O e5 8.d5 Ne7 
9.b4 Nh5 10.Re1 f5 11.Ng5 Qe8 12.Bxh5 gxh5 13.Nb5 Qg6 14.Nxc7 Rb8 15.Nge6 
Rf6 16.c5 Bxe6 17.dxe6 dxc5 18.bxc5 f4 19.Qd7 f3 20.g3 Qg4 21.Qd3 h4 22.
Nd5 Rxe6 23.Nxe7+ Rxe7 24.h3 Qxh3 25.Qxf3 hxg3 26.Qxg3 Qxg3+ 27.fxg3 Rc7 
28.Be3 Rc6 29.Red1 b6 30.Rab1 b5 31.Rd7 a6 32.Rbd1 Bh6 33.Bf2 Rbc8 34.Rd8+
Rxd8 35.Rxd8+ Kf7 36.Kf1 Bg5 37.Rd5 Ke6 38.Ke2 h6 39.Kd3 Kf6 40.Kc3 a5 41.
Kb3 Bc1 42.Rd8 Ke7 43.Rb8 Rf6 44.Be1 Rf3+ 45.Kc2 Rf1 46.Bxa5 1-0

[Event "Juniorallsvenskan Div I"]
[Site "Limhamn"]
[Date "2013.12.01"]
[Round "4"]
[White "Halvarsson, Gustav"]
[Black "Segerfelt, Louise"]
[Result "0-1"]
[WhiteElo "1574"]
[BlackElo "1767"]

1.d4 f5 2.Nf3 Nf6 3.b3 g6 4.Bb2 Bg7 5.e3 O-O 6.Nbd2 d6 7.Be2 Qe8 8.h4 Nbd7
9.c4 e5 10.d5 a5 11.Ng5 Nc5 12.a3 f4 13.b4 fxe3 14.fxe3 Na6 15.h5 h6 16.
Nge4 Bf5 17.Nxf6+ Bxf6 18.g4 Bd7 19.Bd3 Qe7 20.Ne4 Bh4+ 21.Kd2 g5 22.b5 
Nc5 23.Nxc5 dxc5 24.Rg1 Rf2+ 25.Be2 Raf8 26.Qc2 Rxe2+ 27.Kxe2 Rf2+ 28.Kd1 
Rxc2 29.Kxc2 Qh7+ 30.Kd2 Qe4 31.Raf1 Qxc4 32.Rf6 Qxd5+ 33.Kc1 Bxb5 34.Rd1 
Qc4+ 35.Kb1 Qe4+ 36.Ka1 Bd3 37.Ka2 c4 38.Rd2 Qxe3 39.Bc3 Be1 40.Rb2 Bxc3 
41.Rbf2 Qc5 42.a4 Qb4 43.Rc2 Qb3# 0-1

[Event "Juniorallsvenskan Div I"]
[Site "Limhamn"]
[Date "2013.12.01"]
[Round "4"]
[White "Johansson, Linus"]
[Black "Rydstrom, Tom"]
[Result "1/2-1/2"]
[WhiteElo "2403"]
[BlackElo "2305"]

1.d4 d5 2.c4 c6 3.Nf3 Nf6 4.Nc3 e6 5.e3 Nbd7 6.b3 Bd6 7.Bd3 O-O 8.O-O b6 
9.e4 dxe4 10.Nxe4 Nxe4 11.Bxe4 Bb7 12.Bg5 Be7 13.Bxe7 Qxe7 14.Qe2 Nf6 15.
Bc2 c5 16.Rad1 cxd4 17.Nxd4 Rfd8 18.Nb5 a6 19.Nc3 Rac8 20.Rxd8+ Rxd8 21.
Rd1 g6 22.Rxd8+ Qxd8 23.Qd3 Qc7 24.Bd1 Qe5 25.Qe3 Qd6 26.Bf3 Bxf3 27.Qxf3 
Kg7 28.h3 Qd4 29.Kf1 b5 30.cxb5 axb5 31.Qe3 Qd6 32.Nxb5 Qd1+ 33.Qe1 Qd3+ 
34.Qe2 Qb1+ 35.Qe1 Qd3+ 36.Qe2 Qb1+ 37.Qe1 Qd3+ 38.Qe2 1/2-1/2

[Event "Juniorallsvenskan Div I"]
[Site "Limhamn"]
[Date "2013.12.01"]
[Round "4"]
[White "Olofsson-Dolk, Mattis"]
[Black "Lindgren, Philip"]
[Result "1-0"]
[WhiteElo "2156"]
[BlackElo "2393"]

1.d4 Nf6 2.c4 e6 3.Nc3 Bb4 4.e3 O-O 5.Ne2 d5 6.a3 Bd6 7.Ng3 c6 8.cxd5 cxd5
9.Bd3 Nc6 10.O-O b6 11.b4 Bb7 12.Bb2 Rc8 13.Rc1 a5 14.b5 Ne7 15.f3 Ng6 16.
Nce2 Rxc1 17.Qxc1 Qd7 18.e4 dxe4 19.fxe4 Rc8 20.Qa1 e5 21.d5 Ng4 22.Nf5 
Bc5+ 23.Kh1 Nf2+ 24.Rxf2 Bxf2 25.Bxe5 Nxe5 26.Qxe5 f6 27.Qe7 Rd8 28.d6 Bc5
29.Nh6+ 1-0

[Event "Juniorallsvenskan Div I"]
[Site "Limhamn"]
[Date "2013.12.01"]
[Round "4"]
[White "Astrom, Lars"]
[Black "Fransson, Angelina"]
[Result "1/2-1/2"]
[WhiteElo "2092"]
[BlackElo "2101"]

1.d4 g6 2.Nf3 Nf6 3.c4 c5 4.Nc3 cxd4 5.Nxd4 Bg7 6.e4 d6 7.Be2 O-O 8.Be3 b6
9.O-O Bb7 10.f3 Nbd7 11.Qd2 Re8 12.Rac1 Rc8 13.Rfd1 Qc7 14.b3 Qb8 15.Nd5 
h5 16.a4 Nh7 17.b4 e6 18.Nc3 Ne5 19.Ndb5 Red8 20.Nxd6 Bf8 21.c5 Nc6 22.Na2
a5 23.b5 Nd4 24.e5 Nb3 25.Qb2 Nxc1 26.Rxc1 Bg7 27.c6 Rxd6 28.cxb7 Qxb7 29.
Rxc8+ Qxc8 30.Bd4 Rd5 31.f4 Qd8 32.Be3 Bf8 33.Nc3 Rd7 34.Ne4 Qc7 35.Qc3 
Qxc3 36.Nxc3 Rb7 37.Ne4 Be7 38.Bf3 Rb8 39.Nd2 Nf8 40.Nb3 Nd7 41.Bc6 Nc5 
42.Nxc5 Bxc5 43.Bxc5 bxc5 44.Kf2 Rd8 45.Ke3 c4 46.g3 c3 47.Be4 Rd2 48.b6 
Rd8 49.b7 Kf8 50.Ke2 Ke7 51.Ke3 f5 52.exf6+ Kxf6 53.Ke2 e5 54.fxe5+ Kxe5 
55.Bxg6 Kd4 56.Bf5 Kc4 57.Bc8 Rd2+ 58.Ke3 Rb2 59.Be6+ Kc5 60.Kd3 c2 61.Kd2
Kd6 62.Bc8 Kc7 63.h3 Ra2 64.g4 Ra3 65.gxh5 Rc3 66.Kc1 Rc6 67.h6 Rxh6 68.
Kxc2 Rh4 69.Kb3 Rb4+ 70.Ka3 Kb8 71.Ka2 Rxa4+ 72.Kb3 Rb4+ 73.Ka3 Kc7 74.Ka2
a4 75.Ka3 Rd4 76.Kb2 Kb8 1/2-1/2

[Event "Juniorallsvenskan Div I"]
[Site "Limhamn"]
[Date "2013.12.01"]
[Round "4"]
[White "Gonzales, Emilio"]
[Black "Ollen, Martin"]
[Result "1/2-1/2"]
[WhiteElo "1645"]
[BlackElo "2084"]

1.e4 b6 2.d4 e6 3.Bd3 Bb7 4.Nc3 Nf6 5.Nge2 c5 6.f3 Nc6 7.Be3 d5 8.Bb5 a6 
9.Bxc6+ Bxc6 10.exd5 exd5 11.O-O Be7 12.Ng3 Qd7 13.Qd2 O-O 14.Rfe1 Rfe8 
15.Rad1 h6 16.Nce2 Bf8 17.c3 a5 18.Nf4 a4 19.Nd3 Bb5 20.Ne5 Qc8 21.a3 Bd7 
22.Kh1 Be6 23.Re2 Nd7 24.Nd3 b5 25.dxc5 Nxc5 26.Nxc5 Bxc5 27.Bxh6 Bf8 28.
Be3 Qc4 29.Bd4 Bd7 30.Re5 Rxe5 31.Bxe5 Re8 32.Bd4 Qb3 33.h3 Qc4 34.Qg5 Re6
35.Nf5 Rg6 36.Ne7+ Bxe7 37.Qxe7 Be6 38.Re1 Qd3 39.Qh4 Rh6 40.Qf2 Qg6 41.
Kh2 Qh7 42.Qg3 Qg6 43.Qxg6 Rxg6 44.Re5 Rf6 45.Rg5 Rg6 46.Re5 Rf6 47.Rg5 
Rg6 48.Rxg6 fxg6 49.Kg3 Bf5 50.Kf4 Bd3 51.h4 Kf7 52.Ke5 Bc4 53.f4 Ke7 54.
Bc5+ Kf7 55.g3 Bb3 56.Bb4 Bc4 57.Bc5 Bb3 58.Bb4 1/2-1/2

[Event "Juniorallsvenskan Div I"]
[Site "Limhamn"]
[Date "2013.12.01"]
[Round "4"]
[White "Morling, Joakim"]
[Black "Kenneskog, Theodor"]
[Result "0-1"]
[WhiteElo "2038"]
[BlackElo "2355"]

1.d4 Nf6 2.c4 g6 3.Nc3 d5 4.Nf3 Bg7 5.Bg5 Ne4 6.Bh4 Nxc3 7.bxc3 dxc4 8.
Qa4+ c6 9.Qxc4 Qa5 10.e3 Na6 11.Nd2 Be6 12.Qd3 Rd8 13.Be2 Bf5 14.Qc4 Be6 
15.Qd3 g5 16.Bg3 Bf5 17.e4 Nc5 18.Qc2 Bxe4 19.Nc4 Bxc2 20.Nxa5 Be4 21.O-O 
b6 22.dxc5 bxa5 23.Bc7 Rd2 24.Rad1 Rxd1 25.Rxd1 O-O 26.Bxa5 Rb8 27.Rd8+ 
Rxd8 28.Bxd8 Kf8 29.Ba5 Bd5 30.c4 Be4 31.Bb4 Be5 32.g3 f5 33.f3 Bb1 34.a4 
f4 35.Kf2 Bc2 36.a5 h5 37.a6 Bf5 38.g4 Bc8 39.gxh5 Bxa6 40.Bd3 Kg7 41.Be4 
Bb7 42.Ke2 Bd4 43.Kd3 Bg1 44.h3 Kh6 45.Bf5 a5 46.Bxa5 Bxc5 47.Bg4 Bd6 48.
Bc3 c5 49.Bb2 Bc6 50.Bc3 Be8 51.Ke4 Bf7 52.Kd3 Bxh5 53.Ke4 Bg6+ 54.Bf5 Bf7
55.Kd3 e6 56.Be4 Kh5 57.Be1 Be8 58.Bf2 Bd7 59.Kc3 e5 60.Kb3 Bxh3 61.Ka4 
Bd7+ 62.Ka5 g4 63.fxg4+ Kxg4 64.Kb6 Bf5 65.Kc6 Bf8 66.Kd5 Bxe4+ 67.Kxe4 
Bd6 68.Be1 Kh3 69.Kf3 e4+ 70.Kxe4 Kg2 71.Kd5 Bf8 72.Ke4 f3 73.Ke3 Bh6+ 74.
Ke4 f2 75.Bxf2 Kxf2 76.Kd5 Be3 77.Ke4 Ke2 0-1

[Event "Juniorallsvenskan Div I"]
[Site "Limhamn"]
[Date "2013.12.01"]
[Round "4"]
[White "Lokander, Martin"]
[Black "Terochin, Piotr"]
[Result "1-0"]
[WhiteElo "2249"]
[BlackElo "1972"]

1.d4 Nf6 2.Bg5 c6 3.Bxf6 exf6 4.e3 Qb6 5.Qc1 d5 6.Bd3 Be6 7.Ne2 Bd6 8.Nd2 
Nd7 9.a3 c5 10.dxc5 Nxc5 11.Nd4 O-O 12.Be2 Rac8 13.O-O Be5 14.N2f3 a6 15.
Qd2 Rfd8 16.Qb4 Qc7 17.Rfd1 Bd6 18.Qe1 Na4 19.Rab1 Qb6 20.Rd3 Nc5 21.Rdd1 
Ne4 22.Bd3 Bb8 23.Qb4 Qc7 24.Nxe6 fxe6 25.Bxe4 dxe4 26.Qxe4 Rxd1+ 27.Rxd1 
Qxc2 28.Rd8+ Kf7 29.Rd7+ Kf8 30.Qxc2 Rxc2 31.g3 Rc8 32.Nd4 Be5 33.Nxe6+ 
Ke8 34.Rxb7 g5 35.b4 Rc1+ 36.Kg2 Ra1 37.Rxh7 Rxa3 38.Ra7 Rb3 39.Rxa6 Rxb4 
40.Nxg5 Rb2 41.Nf3 Bc3 42.Ra7 Kf8 43.h4 Rb5 44.g4 Rb4 45.Kg3 Rb1 46.h5 Kg8
47.Nh4 Be1 48.h6 1-0

[Event "Juniorallsvenskan Div I"]
[Site "Limhamn"]
[Date "2013.12.01"]
[Round "4"]
[White "Tjarnemo, Jonas"]
[Black "Bit-Narva, David"]
[Result "0-1"]
[WhiteElo "1811"]
[BlackElo "2045"]

1.e4 c5 2.Nf3 d6 3.d4 cxd4 4.Nxd4 Nc6 5.Nc3 e6 6.Be2 Nf6 7.O-O Be7 8.Kh1 
O-O 9.Nb3 b6 10.f3 Bb7 11.Be3 Rc8 12.Qe1 Ne5 13.Qf2 d5 14.Rfd1 Qc7 15.exd5
Nxd5 16.Nxd5 Bxd5 17.Ba6 Rcd8 18.Bd4 Bd6 19.c3 Ng6 20.Qg1 Nh4 21.Be2 Nf5 
22.Bf2 Bf4 23.g3 Bg5 24.g4 Nh4 25.Nd2 Qe5 26.Qf1 Qf4 27.Bg3 Qxg4 28.Qf2 
Nf5 29.Kg1 Qh3 30.f4 Nxg3 31.Qxg3 Qxg3+ 32.hxg3 Be7 33.Nb3 Bf6 34.Kf2 e5 
35.fxe5 Bxe5 36.Nd4 f5 37.a4 Rf6 38.Bf3 f4 39.g4 Bxf3 40.Nxf3 Bc7 41.Rxd8+
Bxd8 42.Rd1 Be7 43.Rd7 Rf7 44.Ne5 Bc5+ 45.Kf3 Rxd7 46.Nxd7 Bd6 47.b4 Kf7 
48.c4 Ke6 49.c5 Kxd7 50.cxd6 g5 51.Ke4 Kxd6 52.Kd4 Ke6 53.Ke4 Kf6 54.Kd4 
Kg6 55.Ke4 h5 56.Kf3 hxg4+ 57.Kxg4 Kf6 58.Kf3 Kf5 59.Ke2 g4 0-1

[Event "Juniorallsvenskan Div I"]
[Site "Limhamn"]
[Date "2013.12.01"]
[Round "4"]
[White "Berglind, Axel"]
[Black "Hogeman, Joel"]
[Result "1-0"]
[WhiteElo "1988"]
[BlackElo "1605"]

1.c4 e6 2.e4 d5 3.cxd5 exd5 4.exd5 Nf6 5.Nc3 Nxd5 6.d4 g6 7.Bc4 Nb6 8.Bb3 
Bg7 9.Qe2+ Qe7 10.Qxe7+ Kxe7 11.Nge2 Re8 12.Be3 Kf8 13.O-O c6 14.Rac1 Be6 
15.Bxe6 Rxe6 16.Nf4 Rd6 17.d5 Kg8 18.Rfd1 N8d7 19.Ne4 Rxd5 20.Nxd5 Nxd5 
21.Bd4 Bf8 22.a3 Be7 23.b4 Rc8 24.Nc5 Nxc5 25.Bxc5 Bf6 26.Be3 Bb2 27.Rc2 
Nxe3 28.fxe3 Bxa3 29.Rb1 c5 30.Rc3 Bxb4 31.Rxb4 cxb4 32.Rxc8+ Kg7 33.Kf2 
a5 34.Ke2 b3 35.Kd2 b5 36.Kc3 a4 37.Rb8 1-0

[Event "Juniorallsvenskan Div I"]
[Site "Limhamn"]
[Date "2013.12.01"]
[Round "5"]
[White "Tuomainen, Felix"]
[Black "Johansson, Linus"]
[Result "0-1"]
[WhiteElo "1805"]
[BlackElo "2403"]

1.d4 Nf6 2.c4 e6 3.Nc3 c5 4.d5 exd5 5.cxd5 d6 6.e4 g6 7.h3 Bg7 8.Nf3 O-O 
9.Bd3 a6 10.a4 Nbd7 11.O-O Re8 12.Bf4 Qe7 13.Re1 Nh5 14.Bh2 Ne5 15.Nxe5 
Bxe5 16.Bxe5 Qxe5 17.Qc2 Bd7 18.a5 Rab8 19.Na4 Bxa4 20.Rxa4 Nf4 21.Bf1 
Nxd5 22.Rd1 Nb4 23.Qc3 Rbd8 24.f3 h5 25.Rd2 h4 26.Bc4 Qg5 27.Ra1 d5 28.
exd5 Nxd5 29.Bxd5 Rxd5 30.Rad1 Re2 31.Rxe2 Rxd1+ 32.Re1 Rxe1+ 33.Qxe1 Qf4 
34.Qe7 Qb4 35.Qe8+ Kg7 36.Qe5+ Kh7 37.Qe7 Qd4+ 38.Kh1 Qxb2 39.Qxf7+ Qg7 
40.Qd5 Qc7 41.Qc4 Qe7 42.Qd5 Kg7 43.f4 Qc7 44.f5 gxf5 45.Qxf5 Qxa5 46.Qd7+
Kf6 47.Qxb7 Qe1+ 48.Kh2 Qe5+ 49.Kh1 Qd4 50.Qxa6+ Kg5 51.Qa7 Kf4 52.Qf7+ 
Ke3 53.Qe6+ Kd2 54.Qa2+ Ke1 55.Qe6+ Kf1 56.Qf5+ Ke2 57.Qe6+ Kd3 58.Qb3+ 
Qc3 59.Qd5+ Kc2 60.Qe4+ Qd3 61.Qa4+ Kb2 62.Qxh4 c4 63.Qf2+ Qc2 64.Qb6+ Kc1
65.Qe3+ Qd2 66.Qa3+ Kb1 67.g4 c3 68.Qb3+ Qb2 0-1

[Event "Juniorallsvenskan Div I"]
[Site "Limhamn"]
[Date "2013.12.01"]
[Round "5"]
[White "Lindgren, Philip"]
[Black "Klingberg, Ludwig"]
[Result "1-0"]
[WhiteElo "2393"]
[BlackElo "1693"]

1.d4 Nf6 2.c4 d5 3.cxd5 Bf5 4.Qa4+ c6 5.dxc6 Nxc6 6.Nf3 Rc8 7.Nc3 Nd5 8.e3
a6 9.Be2 Nb4 10.e4 b5 11.Qd1 Bxe4 12.Nxe4 Nxd4 13.Nxd4 Qxd4 14.Qxd4 Nc2+ 
15.Kd1 Nxd4 16.Bd3 f5 17.Nc3 e5 18.Be3 Bc5 19.Bxd4 Bxd4 20.Bxf5 Rd8 21.Kc2
Bxf2 22.Rad1 O-O 23.Rxd8 Rxd8 24.Rd1 Bd4 25.Ne2 g6 26.Be6+ Kg7 27.Nxd4 
exd4 28.Kd3 Kf6 29.Bg4 Ke5 30.Re1+ Kd5 31.Bf3+ Kc5 32.Re5+ Kb4 33.Rd5 Rxd5
34.Bxd5 Kc5 35.Bg8 h6 36.Bf7 g5 37.g4 a5 38.a3 a4 39.b4+ axb3 40.Bxb3 1-0

[Event "Juniorallsvenskan Div I"]
[Site "Limhamn"]
[Date "2013.12.01"]
[Round "5"]
[White "Yazdankhah, Sam"]
[Black "Astrom, Lars"]
[Result "0-1"]
[WhiteElo "1585"]
[BlackElo "2092"]

1.e4 c5 2.Nf3 Nc6 3.d4 cxd4 4.Nxd4 g6 5.Nc3 Bg7 6.Be3 Nf6 7.f3 O-O 8.Bc4 
d6 9.g4 Bd7 10.Bb3 Rc8 11.h4 h5 12.gxh5 Nxh5 13.Rg1 e6 14.Qd2 Qxh4+ 15.Bf2
Nxd4 16.Bxh4 Nxf3+ 17.Ke2 Nxd2 18.Kxd2 Bf6 19.Bf2 b6 20.a4 Rc7 21.Rgd1 Bc6
22.Kc1 Bxc3 23.bxc3 Bxe4 24.Rxd6 Rxc3 25.Rd7 Rfc8 0-1

[Event "Juniorallsvenskan Div I"]
[Site "Limhamn"]
[Date "2013.12.01"]
[Round "5"]
[White "Ollen, Martin"]
[Black "Halvarsson, Gustav"]
[Result "1-0"]
[WhiteElo "2084"]
[BlackElo "1574"]

1.e4 e5 2.Nf3 Nf6 3.Nc3 Nc6 4.Bc4 Nxe4 5.Nxe4 d5 6.Bxd5 Qxd5 7.d3 Bg4 8.h3
Bh5 9.g4 Bg6 10.Qe2 O-O-O 11.Bd2 Be7 12.Nc3 Qe6 13.O-O-O Rhe8 14.Rhe1 f6 
15.Kb1 Bf7 16.a3 Bc5 17.Be3 Nd4 18.Bxd4 Bxd4 19.Nxd4 exd4 20.Qxe6+ Rxe6 
21.Ne4 Rde8 22.f4 Kb8 23.Rg1 R8e7 24.Rd2 Be8 25.g5 f5 26.Ng3 g6 27.Rgg2 
Re1+ 28.Ka2 Bf7+ 29.b3 R7e3 30.h4 Bd5 31.Rge2 Rg1 32.Nxf5 gxf5 33.Rxe3 
dxe3 34.Re2 Rg3 35.Kb2 Bg2 36.Kc3 Bf1 37.Rh2 e2 38.Kd2 Re3 39.Ke1 Rf3 40.
h5 Rxf4 41.g6 h6 42.Rf2 Rxf2 43.Kxf2 Bg2 44.c4 1-0

[Event "Juniorallsvenskan Div I"]
[Site "Limhamn"]
[Date "2013.12.01"]
[Round "5"]
[White "Kenneskog, Theodor"]
[Black "Berggren Torell, Harald"]
[Result "1/2-1/2"]
[WhiteElo "2355"]
[BlackElo "2217"]

1.d4 f5 2.g3 Nf6 3.Bg2 e6 4.c4 c6 5.Nf3 d5 6.O-O Bd6 7.b3 Qe7 8.Bb2 b6 9.
Qc1 Bb7 10.Ba3 Bxa3 11.Qxa3 Nbd7 12.Qxe7+ Kxe7 13.Nbd2 Rac8 14.Rfc1 c5 15.
cxd5 Bxd5 16.dxc5 Rxc5 17.Rxc5 bxc5 18.Rc1 a5 19.Ne1 a4 20.Nd3 axb3 21.
axb3 Ra8 22.Nxc5 1/2-1/2

[Event "Juniorallsvenskan Div I"]
[Site "Limhamn"]
[Date "2013.12.01"]
[Round "5"]
[White "Bengtsson, Jessica"]
[Black "Lokander, Martin"]
[Result "0-1"]
[WhiteElo "2123"]
[BlackElo "2249"]

1.e4 e5 2.Nf3 Nc6 3.Bb5 f5 4.d3 Nf6 5.Nc3 Bb4 6.O-O Bxc3 7.bxc3 fxe4 8.
dxe4 d6 9.Qd3 Bd7 10.Qc4 a6 11.Bxc6 Bxc6 12.Re1 Qe7 13.Nd2 Qf7 14.Qxf7+ 
Kxf7 15.f3 Ke6 16.Nc4 b6 17.Ne3 g6 18.c4 b5 19.Bb2 Rab8 20.Bc3 bxc4 21.
Nxc4 Rb5 22.Na3 Rb7 23.Rab1 Rhb8 24.Rxb7 Rxb7 25.Kf2 Ba4 26.Re2 Nd7 27.Ke3
Nc5 28.Re1 Ke7 29.g3 Be8 30.Nb1 Na4 31.Ba1 Bf7 32.a3 Be6 33.f4 exf4+ 34.
gxf4 Nb6 35.Nd2 d5 36.e5 c5 37.Kf3 Bf5 38.Rc1 Ke6 39.c4 dxc4 40.Nxc4 Nxc4 
41.Rxc4 Rb1 42.Rxc5 Rf1+ 43.Kg3 Rxa1 44.Rc6+ Kd5 45.Rxa6 Ke4 46.e6 Kd5 47.
e7 Re1 48.Ra7 h5 49.Kf2 Re4 50.Kf3 Kd6 51.Ra5 Rxe7 52.Ra6+ Kc5 53.a4 Kb4 
54.Kg3 Re3+ 55.Kf2 Ra3 56.Ra8 Rxa4 57.Rb8+ Kc4 0-1

[Event "Juniorallsvenskan Div I"]
[Site "Limhamn"]
[Date "2013.12.01"]
[Round "5"]
[White "Bit-Narva, David"]
[Black "Subramanian, Aditya"]
[Result "0-1"]
[WhiteElo "2045"]
[BlackElo "1814"]

1.e4 c5 2.Nf3 e6 3.c3 Nf6 4.e5 Nd5 5.c4 Nc7 6.b4 cxb4 7.d4 d5 8.exd6 Qxd6 
9.Bd3 Be7 10.O-O O-O 11.Nbd2 Nc6 12.Ne4 Qd8 13.Bc2 g6 14.Bh6 Re8 15.Qd2 b5
16.c5 e5 17.Nxe5 Nxe5 18.dxe5 Qxd2 19.Bxd2 Bf5 20.Rac1 Ne6 21.Nd6 Bxd6 22.
exd6 Nd4 23.Bxf5 gxf5 24.Rce1 Nc6 25.Bg5 f6 26.Bxf6 Kf7 27.Bg5 Rxe1 28.
Rxe1 Re8 29.Rd1 Re5 30.d7 Rxc5 31.d8=Q Nxd8 32.Bxd8 Rc2 33.Ra1 Ke6 34.g3 
Kd5 35.Rb1 Kc4 36.Ba5 Rxa2 37.Bxb4 a5 38.Be7 b4 39.h3 b3 40.Bf6 a4 41.g4 
fxg4 42.hxg4 a3 43.Rc1+ Rc2 44.Rd1 b2 45.Kg2 Rc1 46.Rd4+ Kc5 47.Rd8 0-1

[Event "Juniorallsvenskan Div I"]
[Site "Limhamn"]
[Date "2013.12.01"]
[Round "5"]
[White "Segerfelt, Louise"]
[Black "Berglind, Axel"]
[Result "0-1"]
[WhiteElo "1767"]
[BlackElo "1988"]

1.e4 c5 2.Nc3 g6 3.f4 Bg7 4.Nf3 Nc6 5.Bb5 Nd4 6.O-O Nxb5 7.Nxb5 a6 8.Nc3 
b5 9.d3 e6 10.e5 d5 11.exd6 Qxd6 12.Ne4 Qd5 13.Kh1 Bb7 14.c3 c4 15.Nf2 Rd8
16.d4 h5 17.Qe2 h4 18.Nh3 Ne7 19.Bd2 Qf5 20.a4 Be4 21.Rfe1 Bd3 22.Qf2 Qg4 
23.Ne5 Bxe5 24.fxe5 b4 25.Bg5 Rh5 26.Bxe7 Kxe7 27.Qe3 b3 28.Nf2 Qf5 29.
Nxd3 Qxd3 30.Qxd3 cxd3 31.Rad1 Rd5 32.Rxd3 Ra5 33.Ra1 Rf5 34.Rf3 Rxf3 35.
gxf3 f6 36.exf6+ Kxf6 37.Kg2 Kf5 38.Ra3 Kf4 39.Rxb3 h3+ 40.Kxh3 Kxf3 41.
c4+ Ke4 42.c5 e5 43.c6 exd4 44.Rb8 Rc5 45.Re8+ Kf3 46.Rf8+ Ke2 47.Rf6 d3 
48.Re6+ Kd1 49.b4 Rc3 50.Rxg6 Kc2 51.Rg3 Rxc6 52.b5 axb5 53.Rxd3 Kxd3 54.
axb5 Rb6 55.Kg4 Ke4 56.h4 Rg6+ 57.Kh5 Kf5 58.b6 Rg7 59.Kh6 Rb7 60.h5 Rxb6+
61.Kg7 Kg5 0-1

[Event "Juniorallsvenskan Div I"]
[Site "Limhamn"]
[Date "2013.12.01"]
[Round "5"]
[White "Rydstrom, Tom"]
[Black "Morling, Joakim"]
[Result "1-0"]
[WhiteElo "2305"]
[BlackElo "2038"]

1.c4 Nc6 2.Nc3 e5 3.g3 g6 4.Bg2 Bg7 5.Nf3 d6 6.O-O f5 7.d3 Nf6 8.Bd2 O-O 
9.a3 a5 10.Rb1 h6 11.Qc1 Kh7 12.b4 Nh5 13.b5 Ne7 14.Qc2 Rb8 15.b6 c5 16.
Ne1 Bd7 17.Nd5 Nc6 18.e3 f4 19.exf4 exf4 20.Nxf4 Nxf4 21.Bxf4 Rxf4 22.gxf4
Nd4 23.Qd2 Bg4 24.f3 Bd7 25.Nc2 Nf5 26.Kh1 Qh4 27.Qf2 Qxf4 28.Bh3 Rf8 29.
Bxf5 Rxf5 30.Qg3 Qd2 31.Qg2 Qxd3 32.Rbd1 Qxc4 33.Ne3 Qf4 34.Nxf5 Bxf5 35.
Qd2 Qxd2 36.Rxd2 Bd4 37.Re1 Be5 38.Rd5 Kg7 39.Rexe5 dxe5 40.Rxc5 e4 41.
Rc7+ Kf6 42.Rxb7 exf3 43.Kg1 Be4 44.Ra7 g5 45.b7 Bxb7 46.Rxb7 1-0

[Event "Juniorallsvenskan Div I"]
[Site "Limhamn"]
[Date "2013.12.01"]
[Round "5"]
[White "Terochin, Piotr"]
[Black "Olofsson-Dolk, Mattis"]
[Result "0-1"]
[WhiteElo "1972"]
[BlackElo "2156"]

1.e4 c5 2.c3 Nf6 3.e5 Nd5 4.d4 cxd4 5.cxd4 d6 6.Qb3 e6 7.Nf3 Be7 8.Nc3 
Nxc3 9.bxc3 O-O 10.Bd3 Nc6 11.exd6 Qxd6 12.O-O b6 13.a4 Bb7 14.a5 Nxa5 15.
Rxa5 Bxf3 16.Re5 Bb7 17.Rfe1 Bf6 18.Rh5 g6 19.Rh3 Rfc8 20.Ba3 Qc7 21.Bb1 
Bd5 22.Qd1 Qc6 23.Qg4 Qa4 24.Qf4 Bg7 25.Bc1 Qc6 26.Rg3 a5 27.h4 Qc7 28.Qg5
a4 29.Ba3 Qd8 30.Be7 f6 31.Bxd8 fxg5 32.Bxb6 gxh4 33.Rge3 a3 34.Bc2 a2 35.
Ra1 Bh6 36.Rh3 Bc1 37.Rxc1 a1=Q 38.Rxa1 Rxa1+ 39.Kh2 Rc1 40.Ba4 R8xc3 41.
Rxh4 Ra3 42.Bd7 Raa1 43.Kg3 Rg1 44.Rh2 Ra3+ 45.Kf4 Ra6 46.Bc5 Rxg2 47.Rxg2
Bxg2 48.Ke5 Kf7 49.Bc8 Rc6 50.Bd7 Ra6 51.Bc8 Ra5 52.Bxe6+ Kg7 53.Bc4 h5 
54.Kf4 h4 55.Kg4 h3 56.Bd6 Rh5 57.Bh2 Be4 58.Bf1 Bf5+ 59.Kg3 g5 60.Be2 Rh6
61.Bf1 Rb6 62.Bxh3 Rb3+ 63.f3 Bxh3 64.Kxh3 Rxf3+ 65.Kg4 Rf2 66.Be5+ Kg6 
67.Kg3 Rd2 68.Kg4 Rd3 69.Bh8 Re3 70.Be5 Re4+ 71.Kg3 Kf5 72.Bg7 Re3+ 73.Kf2
Ra3 74.Be5 Kg4 75.Kg2 Ra2+ 76.Kg1 Kf3 77.d5 Rd2 78.d6 Rd5 79.Bf6 Rxd6 0-1

[Event "Juniorallsvenskan Div I"]
[Site "Limhamn"]
[Date "2013.12.01"]
[Round "5"]
[White "Fransson, Angelina"]
[Black "Tjarnemo, Jonas"]
[Result "1-0"]
[WhiteElo "2101"]
[BlackElo "1811"]

1.e4 c5 2.d3 e6 3.g3 d5 4.Nd2 Nc6 5.Ngf3 g6 6.Bg2 Bg7 7.O-O Nge7 8.Nh4 O-O
9.f4 b5 10.Nhf3 Qb6 11.Kh1 a5 12.g4 b4 13.Nh4 dxe4 14.dxe4 Ba6 15.Rg1 Bd4 
16.f5 exf5 17.gxf5 Bxg1 18.Qxg1 Nd4 19.c4 bxc3 20.bxc3 Ne2 21.Qe3 Qf6 22.
Qh6 Qxc3 23.Rb1 Bd3 24.Bb2 1-0